[Event "Graz op-B"]
[Site "Graz"]
[Date "2015.02.19"]
[Round "8"]
[White "Wetzenkircher, Markus"]
[Black "Gelbenegger, Patrick"]
[Result "0-1"]
[WhiteElo "1647"]
[BlackElo "1907"]
[PlyCount "83"]
[EventDate "2015.02.13"]
[EventType "swiss"]
[EventRounds "9"]
[EventCountry "AUT"]
[SourceTitle "CBM 165 Extra"]
[Source "ChessBase"]
[SourceDate "2015.04.21"]
[SourceVersion "1"]
[SourceVersionDate "2015.04.21"]
[SourceQuality "1"]

1. f4 d5 2. Nf3 c5 3. e3 e6 4. b3 Nf6 5. Bb2 Nbd7 6. Be2 b6 7. 0-0 Bd6 8. Ne5 0-0 9. Bf3 Qc7 10. d4 Bb7 11. Na3 a6 12. c4 cxd4 13. exd4 Ne4 14. Rc1 Qd8 15. Bxe4 dxe4 16. c5 Bxe5 17. fxe5 Qc7 18. cxb6 Qxb6 19. Nc4 Qa7 20. Nd6 Bd5 21. Qh5 f5 22. Kh1 Nb8 23. Rf4 Nc6 24. Rc3 g6 25. Rg3 Qg7 26. Qg5 Nb4 27. Rh4 Nd3 28. Bc1 Ra7 29. h3 Qe7 30. Qh6 Nxc1 31. Rxg6+ Kh8 32. Rh5 f4 33. Rhg5 e3 34. Kg1 e2 35. Kf2 f3 36. Rg7 Nd3+ 37. Ke3 e1Q+ 38. Kxd3 Qe2+ 39. Kc3 Qe1+ 40. Kd3 Qe2+ 41. Kc3 Qxg7 42. Qxg7+ 0-1

[Event "Vienna Kavalier op 3rd"]
[Site "Vienna"]
[Date "2008.11.02"]
[Round "5"]
[White "Wetzenkircher, Markus"]
[Black "Schweitzer, Werner"]
[Result "1/2-1/2"]
[WhiteElo "1593"]
[BlackElo "2010"]
[PlyCount "70"]
[EventDate "2008.10.31"]
[EventType "swiss"]
[EventRounds "5"]
[EventCountry "AUT"]
[SourceTitle "EXT 2009"]
[Source "ChessBase"]
[SourceDate "2008.11.26"]
[SourceVersion "1"]
[SourceVersionDate "2008.11.26"]
[SourceQuality "1"]

1. f4 d5 2. Nf3 g6 3. e3 Bg7 4. c3 Nf6 5. d4 0-0 6. Bd3 Bg4 7. h3 Bxf3 8. Qxf3 e6 9. g4 Qd7 10. Nd2 c5 11. g5 Nh5 12. Nf1 f6 13. Ng3 Nxg3 14. Qxg3 f5 15. h4 Nc6 16. h5 a6 17. Qh3 Kf7 18. Be2 b5 19. Bd2 c4 20. a3 a5 21. Kf2 b4 22. Rhb1 Qe7 23. Qh1 Qd6 24. Bd1 bxa3 25. bxa3 Rfb8 26. Ba4 Bf8 27. Qd1 Na7 28. Ra2 Rb6 29. Rab2 Rab8 30. Qc2 R8b7 31. hxg6+ hxg6 32. Bc1 Nc8 33. Kf3 Qd8 34. Rxb6 Rxb6 35. Rxb6 Qxb6 1/2-1/2

[Event "Graz op-B"]
[Site "Graz"]
[Date "2008.08.30"]
[Round "1"]
[White "Grossberger, Udo"]
[Black "Wetzenkircher, Markus"]
[Result "0-1"]
[WhiteElo "1728"]
[BlackElo "1593"]
[PlyCount "74"]
[EventDate "2008.08.30"]
[EventType "swiss"]
[EventRounds "9"]
[EventCountry "AUT"]
[SourceTitle "EXT 2022"]
[Source "ChessBase"]
[SourceDate "2021.10.06"]
[SourceVersion "1"]
[SourceVersionDate "2021.10.06"]
[SourceQuality "1"]

1. Nf3 f5 2. g3 Nf6 3. Bg2 e6 4. 0-0 d5 5. c4 c6 6. b3 Bd6 7. Bb2 0-0 8. e3 Nbd7 9. Nc3 Qe8 10. cxd5 exd5 11. d4 Ne4 12. Ne1 Bb4 13. Rc1 Ndf6 14. Nd3 Bd6 15. Re1 Qg6 16. Ne5 Qh6 17. f4 Bxe5 18. dxe5 Nxc3 19. Bxc3 Ne4 20. Bb2 Be6 21. Qe2 Rad8 22. Bd4 a6 23. Bxe4 fxe4 24. Qd2 Bg4 25. Bc5 Rf5 26. Be7 Re8 27. Qb4 Bf3 28. Qd6 Rh5 29. Qxh6 Rxh6 30. Bd6 Rh3 31. Rc2 h5 32. Rf2 Re6 33. f5 Rh6 34. e6 h4 35. e7 Kf7 36. Rxf3 exf3 37. g4 Rxd6 0-1

[Event "Leutersdorf Sparkasse op 11th"]
[Site "Leutersdorf"]
[Date "2007.02.16"]
[Round "1"]
[White "Teuber, Andreas"]
[Black "Wetzenkircher, Markus"]
[Result "1-0"]
[WhiteElo "2077"]
[BlackElo "1519"]
[PlyCount "43"]
[EventDate "2007.02.16"]
[EventType "swiss"]
[EventRounds "7"]
[EventCountry "GER"]
[SourceTitle "CBM 117 Extra"]
[Source "ChessBase"]
[SourceDate "2007.05.09"]
[SourceVersion "1"]
[SourceVersionDate "2007.05.09"]
[SourceQuality "1"]

1. e4 d5 2. Nc3 dxe4 3. Nxe4 Bf5 4. Qf3 Qc8 5. Bc4 Nc6 6. Bb5 Bd7 7. Nc5 Nd4 8. Bxd7+ Qxd7 9. Qxb7 Qc6 10. Qxc6+ Nxc6 11. Nf3 e6 12. Ne4 Nge7 13. c3 Nd5 14. d3 Rd8 15. Ke2 Be7 16. g3 0-0 17. Be3 Rb8 18. Rab1 Rfd8 19. Ned2 Nf6 20. Nc4 Bd6 21. Nd4 Ne5 22. Nxe5 1-0

[Event "Stockerau op-A"]
[Site "Stockerau"]
[Date "2006.05.28"]
[Round "5"]
[White "Wetzenkircher, Markus"]
[Black "Reinwald, Patrick"]
[Result "1/2-1/2"]
[WhiteElo "1817"]
[BlackElo "1930"]
[PlyCount "64"]
[EventDate "2006.05.25"]
[EventType "swiss"]
[EventRounds "5"]
[EventCountry "AUT"]
[SourceTitle "CBM 112 Extra"]
[Source "ChessBase"]
[SourceDate "2006.07.14"]
[SourceVersion "1"]
[SourceVersionDate "2006.07.14"]
[SourceQuality "1"]

1. e4 e5 2. Nf3 Nc6 3. Nc3 Nf6 4. d4 exd4 5. Nd5 Be7 6. Nxd4 Nxd5 7. exd5 Nxd4 8. Qxd4 0-0 9. Be2 Bf6 10. Qd3 d6 11. 0-0 c5 12. c3 a6 13. a4 b6 14. Bf4 Re8 15. Bg3 Bf5 16. Qd2 Bg5 17. f4 Bh4 18. Bf3 Bxg3 19. hxg3 Be4 20. Rae1 Bxf3 21. gxf3 Qd7 22. b3 Rxe1 23. Rxe1 Re8 24. Kg2 g6 25. Re4 f5 26. Re3 Kf7 27. Qe2 Rxe3 28. Qxe3 Qe8 29. Qxe8+ Kxe8 30. g4 fxg4 31. fxg4 h6 32. g5 h5 1/2-1/2

[Event "Stockerau op-A"]
[Site "Stockerau"]
[Date "2006.05.25"]
[Round "2"]
[White "Robitsch, Hermann"]
[Black "Wetzenkircher, Markus"]
[Result "1/2-1/2"]
[WhiteElo "1938"]
[BlackElo "1817"]
[PlyCount "90"]
[EventDate "2006.05.25"]
[EventType "swiss"]
[EventRounds "5"]
[EventCountry "AUT"]
[SourceTitle "CBM 112 Extra"]
[Source "ChessBase"]
[SourceDate "2006.07.14"]
[SourceVersion "1"]
[SourceVersionDate "2006.07.14"]
[SourceQuality "1"]

1. e4 e6 2. d4 d5 3. Nc3 Nc6 4. Nf3 Bb4 5. e5 Nge7 6. a3 Ba5 7. b4 Bb6 8. a4 a5 9. b5 Nb8 10. Ba3 Bd7 11. Bd3 c6 12. 0-0 Qc8 13. Qd2 c5 14. Qg5 Ng6 15. Ne2 Bd8 16. Qe3 b6 17. c3 Be7 18. h4 Bf8 19. h5 Ne7 20. Nh4 Nf5 21. Nxf5 exf5 22. Nf4 Be6 23. Qf3 c4 24. Bxf8 Kxf8 25. Bc2 Qd8 26. Nh3 g6 27. g3 Nd7 28. Qf4 h6 29. Qf3 Kg7 30. hxg6 fxg6 31. Nf4 Nf8 32. Kg2 Ra7 33. Rh1 Rd7 34. Rh2 Bf7 35. Rah1 Ne6 36. Nxe6+ Bxe6 37. Qe2 Qg5 38. f4 Qe7 39. Kf2 Rdd8 40. Ke3 h5 41. Rh4 Rdg8 42. R4h2 Rh6 43. Rh4 Rgh8 44. Bd1 Bf7 45. R4h2 Qe6 1/2-1/2